| 000 | 00389nam a22001577a 4500 | ||
|---|---|---|---|
| 003 | OSt | ||
| 005 | 20240217140223.0 | ||
| 008 | 190515b xxu||||| |||| 00| 0 eng d | ||
| 020 | _a 978-8120347205 | ||
| 040 | _cIIMT UNIVERSITY | ||
| 100 | _aTANENBAUN.AS | ||
| 245 | _aSTRUCTURED COMPUTER ORGANIZING | ||
| 260 |
_aNEW DELHI _bPEARSON PUB _c2007 |
||
| 300 | _a777 | ||
| 942 |
_2ddc _c02 _e2007 |
||
| 999 |
_c47693 _d47693 |
||